00401nmm a2200133Ia 4500008004100000020001800041041000800059100002900067245003000096264005000126300001800176650002200194856005100216251105s9999||||xx |||||||||||||||||und|| a9788415681625 aspa aAbril Fernández, Mario 0aLo que pensé de mi vida a[Madrid, España] :bCarena Editores, c2013 a244 páginas aSpanish narrative uhttps://public.digitaliapublishing.com/a/23506